banner koha

Nutritional balance and its relationship to yield in a coffee field: Inferences from geospatial analysis (Registro n. 340064)

MARC details
000 -LÍDER
fixed length control field 04850nab a2200301 i 4500
003 - CÓDIGO MARC DA AGÊNCIA CATALOGADORA
Campo de controle BR-BrBNA
005 - DATA E HORA DA ÚLTIMA ATUALIZAÇÃO
Campo de controle 20260211125036.0
008 - CAMPO DE TAMANHO FIXO
fixed length control field 260211b2020 bl.mr|pooa||| 00| 0 eng |
040 ## - FONTE DA CATALOGAÇÃO
Agência catalogadora BR-BrBNA
Idioma da catalogação eng
072 ## - CATEGORIA AGRIS
Código AGRIS F61
Código do objeto 2120
100 ## - ENTRADA PRINCIPAL - NOME PESSOAL
Nome pessoal Silva, Marcelo B. da
100 ## - ENTRADA PRINCIPAL - NOME PESSOAL
Nome pessoal Partelli, Fábio L.
100 ## - ENTRADA PRINCIPAL - NOME PESSOAL
Nome pessoal Gontijo, Ivoney
100 ## - ENTRADA PRINCIPAL - NOME PESSOAL
Nome pessoal Caldas, Marcellus M.
245 ## - TÍTULO PRINCIPAL
Título principal Nutritional balance and its relationship to yield in a coffee field: Inferences from geospatial analysis
500 ## - NOTA GERAL
Nota geral Publicação on-line; 30 ref.; 5 illus; Sumaries (En, Pt)
942 ## - ADDED ENTRY ELEMENTS (KOHA)
Koha item type Analítica
520 ## - NOTA DE RESUMO
Nota de conteúdo <br/><br/>ABSTRACT: Information obtained from studies of spatial variability and the Diagnosis and Recommendation Integrated System (DRIS) may contribute to understanding better the relationship between mineral nutrient balance and factors that limit the crop yield. This study shows that nutritionally balanced plants may be associated with low productivity in Conilon coffee fields. The study was carried out on a highly productive Conilon coffee (Coffea canephora) field, in São Mateus, state of Espírito Santo, Brazil. A sample grid was established with 100 points, each point linked to one plant. Twenty pairs of leaves from each plant were collected from productive branches to create a sample for nutritional analysis. The rust incidence (Hemileia vastatrix), the presence of the coffee borer (Hypothenemus hampei), and the physical characteristics of the soil were evaluated in each sampled plant. DRIS and Nutrient Balance Index (NBI) were calculated, and from the yield data, they were characterized using descriptive statistics. Maps were created showing the spatial distribution of the NBI, yield, total sand, and incidence of rust and coffee borer. It was verified the low relationship between nutritional balance and yield in Conilon coffee, suggesting that non-nutritional factors also influenced plant production. In areas of the maps with high NBI, the plant’s nutritional balance was the main limiting factor of production, since most plants in this area produced less than the average productivity of the plants sampled. The use of a geostatistics tool combined with the NBI resulted in better understanding of the relationship between nutritional and non-nutritional variables on the Conilon coffee yield. <br/><br/>Key words: Coffea canephora, geostatistics, plant nutrition
520 ## - NOTA DE RESUMO
Nota de conteúdo <br/><br/>RESUMO: Informações obtidas a partir de estudos de variabilidade espacial e do Sistema Integrado de Diagnose e Recomendação (DRIS) poderão contribuir para o melhor entendimento da relação entre o balanço de nutrientes e os fatores que limitam a produtividade das culturas. Este estudo mostra que plantas equilibradas nutricionalmente podem estar associadas à baixa produtividade em café Conilon (Coffea canephora). O estudo foi realizado em uma lavoura altamente produtiva de café Conilon em São Mateus, ES. Foi estabelecida uma grade amostral com 100 pontos, cada ponto relacionado a uma planta. Vinte pares de folhas de cada planta foram coletados de ramos produtivos compondo uma amostra para análise nutricional. A incidência da ferrugem (Hemileia vastatrix), a presença da broca do café (Hypothenemus hampei), e características físicas do solo também foram coletadas para cada planta amostrada. O DRIS e o Índice de Equilíbrio dos Nutrientes (IEN) foram calculados e, com os dados de produtividade, foram caracterizados utilizando estatística descritiva. Foram criados mapas com a distribuição espacial do IEN, produtividade, areia total e incidência de ferrugem e da broca do cafeeiro. Verificou-se baixa relação entre equilíbrio nutricional e produção no café Conilon, sugerindo que fatores não nutricionais também influenciaram na produtividade das plantas. Nas áreas dos mapas com alto IEN, o balanço nutricional da planta foi o principal fator limitante da produção, pois a maioria das plantas nessa área produziu menos que a produtividade média das plantas amostradas. O uso de uma ferramenta geoestatística combinada com o IEN resultou em melhor compreensão da relação entre variáveis nutricionais e não nutricionais sobre a produtividade de café Conilon. <br/><br/>Palavras-chave: Coffea canephora, geoestatística, nutrição mineral de plantas
650 ## - ASSUNTO - THESAGRO
Cabeçalho tópico ou nome geográfico CAFÉ
650 ## - ASSUNTO - THESAGRO
Cabeçalho tópico ou nome geográfico GEOESTATÍSTICA
650 ## - ASSUNTO - THESAGRO
Cabeçalho tópico ou nome geográfico ABSORÇÃO DE NUTRIENTES
650 ## - ASSUNTO - THESAGRO
Cabeçalho tópico ou nome geográfico FISIOLOGIA VEGETAL
650 ## - ASSUNTO - THESAGRO
Cabeçalho tópico ou nome geográfico PRODUTIVIDADE
773 0# - ENTRADA ANALÍTICA
Host Biblionumber 3534
Registro do item 317793
Imprenta Campina Grande-PB Universidade Federal de Campina Grande. Centro de Ciências e Tecnologia 1997
Outro identificador 2024-4514
Título Revista Brasileira de Engenharia Agrícola e Ambiental (Brazil)
ISSN 1415-4366
Colação v. 24 (12) p. 834-839; (2020)
Número de controle de registro BR2025002199
856 ## - ACESSO E ENDEREÇO ELETRÔNICO
Identificador uniforme de recurso - URI https://www.scielo.br/j/rbeaa/a/5yHS6CjpLxx4Rvk75Kws5qp/?format=pdf&lang=en

Nenhum exemplar disponível.

BINAGRI

Telefone: (61)3218-2567/2388/3357/2097 - binagri@agro.gov.br

Ministério da Agricultura e Pecuária , Esplanada dos Ministérios, Bloco D, Anexo B, Brasília/DF, CEP: 70.043-900